How many Yukon cities can you name on a map? - Statistics

General Stats
  • This quiz has been taken 3 times
  • The average score is 17 of 34
Answers on the Map
Answers color-coded by a green-red scale on the quiz's map according to % correct below.
 
Answer Stats
Cities % Correct
Whitehorse
100%
Bear Creek
50%
Beaver Creek
50%
Burwash Landing
50%
Carcross
50%
Carmacks
50%
Champagne Landing
50%
Dawson City
50%
Destruction Bay
50%
Eagle Plains
50%
Elsa
50%
Faro
50%
Grand Forks
50%
Haines Junction
50%
Ibex Valley
50%
Johnson's Crossing
50%
Keno City
50%
Marsh Lake
50%
Mayo
50%
Mount Lorne
50%
Old Crow
50%
Pelly Crossing
50%
Rancheria
50%
Ross River
50%
Silver City
50%
Stewart Crossing
50%
Swift River
50%
Tagish
50%
Teslin
50%
Tuchitua
50%
Upper Liard
50%
Watson Lake
50%
Canyon Creek
0%
Mendenhall
0%
No matching quizzes found
Score Distribution
Percent of People with Each Score
Percentile by Number Answered
Your Score History
You have not taken this quiz